Earthquake design practice for buildings (Record no. 105916)

MARC details
000 -LEADER
fixed length control field 01492cam a2200289 4500
001 - CONTROL NUMBER
control field L135093
008 - FIXED-LENGTH DATA ELEMENTS--GENERAL INFORMATION
fixed length control field 060925n2006 000 0 eng u
020 ## - INTERNATIONAL STANDARD BOOK NUMBER
International Standard Book Number 0727729470
035 ## - SYSTEM CONTROL NUMBER
System control number (Sirsi) u135093
041 0# - LANGUAGE CODE
Language code of text/sound track or separate title eng
050 04 - LIBRARY OF CONGRESS CALL NUMBER
Classification number 690.22 $2 18
100 1# - MAIN ENTRY--PERSONAL NAME
Personal name Booth, Edmund
245 00 - TITLE STATEMENT
Title Earthquake design practice for buildings
260 ## - PUBLICATION, DISTRIBUTION, ETC.
Place of publication, distribution, etc. London
Name of publisher, distributor, etc. Thomas Telford Services Ltd
Date of publication, distribution, etc. 2006
300 ## - PHYSICAL DESCRIPTION
Extent xx, 284p.
Dimensions 24cm.
350 ## - PRICE (NR) (BK AM CF MU VM SE) [OBSOLETE]
Price 65
505 0# - FORMATTED CONTENTS NOTE
Formatted contents note The lessons from earthquake damage -- Ground motion -- The calculation of structural response -- Analysis of soils and soil-structure interaction -- Conceptual design -- Seismic codes of practice -- Foundations -- Reinforced concrete design -- Steelwork design -- Masonry -- Timber -- Building contents and cladding -- Seismic isolation -- Assessment and strengthening of existing buildings
520 ## - SUMMARY, ETC.
Summary, etc. Reviews the lessons from earthquake damage for designers of buildings, the priciples of structural dynamics, the conceptual design of buildings, and issues specific to seismic design for the four main materials used for buildings. Discusses seismic analysis and the retrofit of existing buildings. Gives reference to the European seismic code, Eurocode 8 and to the US seismic codes and standards.
590 ## - LOCAL NOTE (RLIN)
Local note KA
650 24 - SUBJECT ADDED ENTRY--TOPICAL TERM
Topical term or geographic name entry element EUROCODE 8
651 #4 - SUBJECT ADDED ENTRY--GEOGRAPHIC NAME
Geographic name International
690 ## - LOCAL SUBJECT ADDED ENTRY--TOPICAL TERM (OCLC, RLIN)
Topical term or geographic name as entry element BUILT ENVIRONMENT-CONSTRUCTION AND DESIGN
690 ## - LOCAL SUBJECT ADDED ENTRY--TOPICAL TERM (OCLC, RLIN)
Topical term or geographic name as entry element Health and safety
9 (RLIN) 6244
700 1# - ADDED ENTRY--PERSONAL NAME
Personal name Key, David
942 ## - ADDED ENTRY ELEMENTS (KOHA)
Suppress in OPAC 0
Holdings
Withdrawn status Lost status Source of classification or shelving scheme Damaged status Not for loan Home library Current library Shelving location Date acquired Cost, normal purchase price Total Checkouts Full call number Barcode Date last seen Date last checked out Copy number Cost, replacement price Price effective from Koha item type
    Dewey Decimal Classification     London London Books 11/01/2007 55.25 1 690.22 BOO 30073401 06/08/2019 11/09/2013 1 55.25 06/08/2019 Book